Du Nirvana bouddhique (Record no. 160860)
[ view plain ]
| 000 -LEADER | |
|---|---|
| campo de control de longitud fija | 00751nam a22001815i 4500 |
| 001 - NÚMERO DE CONTROL | |
| campo de control | 160860 |
| 003 - IDENTIFICADOR DE NÚMERO DE CONTROL | |
| campo de control | ES-MaACL |
| 005 - FECHA Y HORA DE LA ÚLTIMA TRANSACCIÓN | |
| campo de control | 20230906212136.0 |
| 008 - DATOS DE LONGITUD FIJA--INFORMACIÓN GENERAL | |
| campo de control de longitud fija | 960924s1863 fr |||| | fre d |
| 040 ## - FUENTE DE CATALOGACIÓN | |
| Centro catalogador/agencia de origen | EUS |
| Lengua de catalogación | spa |
| Centro/agencia transcriptor | EUS |
| 100 1# - ENTRADA PRINCIPAL--NOMBRE DE PERSONA | |
| Nombre de persona | Obry, Jean Baptiste François. |
| 9 (RLIN) | 130586 |
| 245 13 - MENCIÓN DEL TÍTULO | |
| Título | Du Nirvana bouddhique |
| Resto del título | : en réponse a M. Barthélemy Saint-Hilaire / |
| Mención de responsabilidad, etc. | par J.B.F. Obry, membre de l'Académie d'Amiens ; (mémoire lu á cette Académie, dans ses séances des 14 et 28 mars 1863). |
| 260 ## - PUBLICACIÓN, DISTRIBUCIÓN, ETC. | |
| Lugar de publicación, distribución, etc. | Paris : |
| Nombre del editor, distribuidor, etc. | Libraire d'Auguste Durand..., |
| Fecha de publicación, distribución, etc. | 1863 ( |
| Lugar de fabricación/manufactura | Amiens : |
| Fabricante | Imprimerie de E. Yvert) |
| 300 ## - DESCRIPCIÓN FÍSICA | |
| Extensión | 240 p ; |
| Dimensiones | 21 cm. |
| 597 ## - NOTA DE DESCRIPCIÓN FÍSICA | |
| NOTA DE DESCRIPCIÓN FÍSICA | Signaturizado. |
| 700 0# - ENTRADA AGREGADA--NOMBRE PERSONAL | |
| Nombre de persona | Barthelemy Saint-Hilaire, Jules. |
| 9 (RLIN) | 26123 |
| 852 ## - LOCALIZACIÓN | |
| Ubicación | ES-MaACL |
| Número de control de estantería | G-12553 |
| Nota libre | -- Enc. hol. |
| Estatus retirado | Estado de pérdida | Estado de daño | No para préstamo | Colección | Biblioteca de origen | Biblioteca actual | Ubicación en estantería | Fecha de adquisición | Fuente de adquisición | Total de préstamos | Signatura topográfica completa | Código de barras | Visto por última vez | Precio de reemplazo | Tipo de ítem Koha |
|---|---|---|---|---|---|---|---|---|---|---|---|---|---|---|---|
| Libros del s. XIX | Biblioteca del Ateneo de Madrid | Biblioteca del Ateneo de Madrid | Sala Pecera Planta 3 | 17/01/2008 | G-12553 | 1168458 | 23/02/2023 | 23/02/2023 | Libro impreso antiguo |
